10 most common mental diseases - Statistics

General Stats
  • This quiz has been taken 437 times
  • The average score is 5 of 10
Answer Stats
Hint Answer % Correct
D Depression
88%
A Anxiety
84%
B Bipolar
80%
O Obsessive-Compulsive/Obsessive/OCD
68%
S Schizophrenia
64%
P PTSD/Post Traumatic Stress Disorder
48%
E Eating Disorder
30%
P (s) Psychosis
25%
P Paranoia
20%
D Dissociation
8%
No matching quizzes found
Score Distribution
Percent of People with Each Score
Percentile by Number Answered
Your Score History
You have not taken this quiz